1800 1484 1282 1151 1333 1840 1397 1931 1568 1597 1039 1121 1887 1690 1738 1654 1822 1067 1333 1621 1447 1250 1034 1788 1071 1714 1985 1268 1698 1306 1435 1972 1098 1360 1256 1098 1442 1548 1529 1078 1720 1711 1627 1577 1937 1760 1844 1628 1770 1374 1970 1730 1822 1888 1614 1952 1759 1039 1641 1710 1500 1949 1200 1285 1565 1996 1132 1947 1004 1306 1801 1953 1920 1946 1609 1138 1125 1452 1664 1295 1396 1764 1016 1484 1545 1639 1047 1907 1584 1528 1508 1301 1753 1958 1490 1646 1543 1416 1120 BCNSPRNW ULIB Ver.6.0+V

เปลี่ยนเป็นภาษาไทย

Change to English
 แสดงรายละเอียดบรรณานุกรม
  กลับหน้าหลัก

Brief Record : Get Marc (ISO 2709) : E-mail record : QR code < ปิดหน้าต่าง
LEADER : 00000nam 2200000uu 4500
001    13399120873
003     ULIB
008    121022s2552||||th 000 0 tha d
020    ^a9786169045014
050 04 ^aDS589.B2^bอ44ต 2552
100 0  ^aอุดม เชยกีวงศ์
245 10 ^aตลาดเก่า (50-200 ปี) /^cอุดม เชยกีวงศ์ เรียบเรียง
250    ^aพิมพ์ครั้งที่ 1
260    ^aกรุงเทพฯ :^bภูมิปัญญาสร้างสรรค์,^c2552
300    ^a256 หน้า :^bภาพประกอบ
504    ^aบรรณานุกรม : หน้า 256
650  7 ^aตลาด^zไทย
651  7 ^aไทย^xภูมิประเทศและการท่องเที่ยว
651  7 ^aไทย^xความเป็นอยู่และประเพณี
945    ^p150^l0^i16686
995    ^aกัณชพร
999 ^a ใช้งานได้ทุกระบบ
รายการนี้ยังไม่มีแท็ก
คุณยังไม่ได้ล็อกอิน คุณสามารถมีกิจกรรมร่วมกับเว็บไซต์ได้ แต่ต้องล็อกอินก่อน ::
  ล็อกอิน

รายการสื่อสารสนเทศ

ลำดับที่ ประเภท เลขเรียก/บาร์โค้ด สถานที่ สถานะ
1. วิทยาศาสตร์การแพทย์ และสุขภาพ
วิทยาศาสตร์การแพทย์ และสุขภาพ
DS589.B2 อ44ต 2552  
  Barcode: 16686
ห้องสมุดวิทยาเขตสวรรค์ประชารักษ์
►หนังสือทั่วไป
บนชั้น

รายการใกล้เคียง
    ผู้แต่ง [อุดม เชยกีวงศ์]

BibComment


ยังไม่เคยถูกคอมเมนท์

คอมเมนท์ทรัพยากรรายการนี้
  คอมเมนท์: ตลาดเก่า 50200 ป..


 Copyright 2026. Bcnsprnw @Library